Riverdale cast - Statistics

General Stats
  • This quiz has been taken 536 times
    201 since last reset
  • The average score is 10 of 51
Answer Stats
Hint Answer % Correct
Archie Andrews K.J. Apa
98%
Betty Cooper Lili Reinhart
79%
Veronica Lodge Camila Mendes
77%
Jughead Jones Cole Sprouse
71%
Fred Andrews (may he rest in peace) Luke Perry
61%
Cheryl Blossom Madelaine Petsch
45%
Fp Jones Skeet Ulrich
45%
Kevin Keller Casey cott
42%
Alice Cooper Madchen Amick
42%
Toni Topaz Vanessa Morgan
37%
Hiram Lodge Mark Consuelos
34%
Reggie Mantle Charles Melton
32%
Hermione Lodge Marisol Nichols
30%
Josie McCoy Ashleigh Murray
24%
Polly Cooper Tiera Skovbye
23%
Hal Cooper Lochlyn Munro
21%
Fangs Fogarty Drew Ray Tanner
16%
Penelope Blossom Nathalie Boltt
16%
Sweat Pea Jordan Connor
15%
Mary Andrews Molly Ringwald
15%
Reggie Mantle Ross Butler
12%
Erinn westbrook Tabitha
11%
Sheriff Keller Martin Cummins
10%
Ethel Muggs Shannon Purser
10%
Valerie Brown Hayley Law
9%
Chad Michael Murray Edgar Evernever
8%
Moose Mason Cody Kearsley
7%
Trinity Likins Jellybean Jones
7%
Mayor Sierra McCoy Robin Givens
7%
Geraldine Grundy/ jennifer Gibson Sarah Habel
7%
Jason Blossom Trevor Stines
6%
Pop Tate Alvin Sanders
5%
Melody Valentine Asha Bromfield
5%
Zoe de Grand'Maison Evelyn Evernever
5%
Chuck Clayton Jordan Calloway
5%
Joaquin DeSantos Rob Raco
5%
Nick St. Clair Graham Phillips
4%
Dilton Doiley Major Curda
4%
Principal Waldo Weatherbee Peter Bryant
4%
Cliff Blossom Barclay Hope
3%
Midge Klump Emilija Baranac
3%
Gina Gershon Gladys Jones
2%
Trev Brown Adain Bradley
1%
Ginger Lopez Caitlin Mitchell-Markovitch
1%
Mustang Christopher Rosamond
1%
Coach Clayton Colin Lawrence
1%
Phoebe Miu Jessica
1%
Dr Curdle Mackenzie Gray
1%
Ben Moses Thiessen
1%
Tina Patel Olivia Ryan Stern
1%
Smithers Tom McBeath
1%
No matching quizzes found
Score Distribution
Percent of People with Each Score
Percentile by Number Answered
Your Score History
You have not taken this quiz since the last reset